00843 a2200205 4500003000500000005001700005010001600022020001500038040000900053082001500062100002900077245004300106260002600149300004500175505020300220650004500423942002400468999001900492952012600511Nust20230209124601.0 a 77536579 a0224618873 cNust00a954.04,MAX1 aMaxwell, Neville,94905610aIndia's China war / cNeville Maxwell. aLondon,bCape,c1970. a475 p., 6 fold. plates.b6 maps.c23 cm. aHistorical Introduction : The Limits of Empire (Page-17), Collision Course (Page-65), The Forward Policy (Page-171), The View From Peking (Page-257), The Border War (Page-289), Ceasefire (Page-415). 0aSino-Indian Border Dispute, 1957-951783 2ddccBKk954.04,MAX c185685d185685 00102ddc4070aMCSbMCScGENd2016-12-12o954.04,MAXpMCS22693r2016-12-08w2016-12-12yBKzAlmirah No. 61, Shelf No. 5